Locations of Trampoline World Championships - Statistics

General Stats
  • This quiz has been taken 46 times
    4 since last reset
  • The average score is 24 of 40
Answer Stats
Year Host Nation City % Correct
1992 New Zealand Auckland
100%
2021 Azerbaijan Baku
100%
1974 South Africa Johannesburg
100%
1964 Great Britain London
100%
1965 Great Britain London
100%
1967 Great Britain London
100%
1984 Japan Osaka
100%
1986 France Paris
100%
2013 Bulgaria Sofia
100%
2017 Bulgaria Sofia
100%
2022 Bulgaria Sofia
100%
2027 Bulgaria Sofia
100%
2009 Russia St Petersburg
100%
2018 Russia St Petersburg
100%
1998 Australia Sydney
100%
2019 Japan Tokyo
100%
1996 Canada Vancouver
100%
1970 Switzerland Bern
67%
1994 Portugal Porto
67%
2007 Canada Quebec City
67%
1968 Netherlands Amersfoort
33%
1988 USA Birmingham
33%
2011 Great Britain Birmingham
33%
2023 Great Britain Birmingham
33%
1982 USA Bozeman
33%
1980 Switzerland Brig
33%
2014 USA Daytona Beach
33%
1990 Germany Essen
33%
1966 USA Lafayette
33%
2010 France Metz
33%
2026 China Nanjing
33%
1978 Australia Newcastle
33%
2025 Spain Pamplona
33%
1999 South Africa Sun City
33%
1976 USA Tulsa
33%
2005 Netherlands Eindhoven
0%
2003 Germany Hanover
0%
2001 Denmark Odense
0%
2015 Denmark Odense
0%
1972 West Germany Stuttgart
0%
No matching quizzes found
Score Distribution
Percent of People with Each Score
Percentile by Number Answered
Your Score History
You have not taken this quiz since the last reset